Science Quiz

Random Science Quiz

Mars Spacecraft Quiz Stats

 Plays Quiz not verified by Sporcle

Score 0/51 Timer 10:00
0 Plays Today
Date Of Launch Spacecraft % Correct
December 4, 1996Mars Pathfinder
81.3%
June 10, 2003Spirit
68.8%
July 7, 2003Opportunity
68.8%
May 19, 1971Mars 2
56.3%
August 20, 1975Viking 1
56.3%
September 9, 1975Viking 2
56.3%
November 1, 1962Mars 1
50%
May 28, 1971Mars 3
50%
March 27, 1969Mariner 7
43.8%
May 8, 1971Mariner 8
43.8%
May 30, 1971Mariner 9
43.8%
November 5, 1964Mariner 3
37.5%
November 28, 1964Mariner 4
37.5%
February 25, 1969Mariner 6
37.5%
July 21, 1973Mars 4
37.5%
July 25, 1973Mars 5
37.5%
August 5, 1973Mars 6
37.5%
August 9, 1973Mars 7
37.5%
August 4, 2007Phoenix
37.5%
June 2, 2003Beagle 2
31.3%
December 11, 1998Mars Climate Orbiter
25%
June 2, 2003Mars Express
25%
August 12, 2005MRO
25%
2013MAVEN
25%
January 3, 1999Deep Space 2
18.8%
April 7, 2001Mars Odyssey
18.8%
Date Of Launch Spacecraft % Correct
March 2, 2004Rosetta
18.8%
September 27, 2007Dawn
18.8%
July 7, 1988Phobos 1
12.5%
July 12, 1988Phobos 2
12.5%
November 7, 1996Mars Global Surveyor
12.5%
2016/2018ExoMars
12.5%
November 30, 1964Zond 2
6.3%
September 25, 1992Mars Observer
6.3%
November 16, 1996Mars 96
6.3%
July 3, 1998Nozomi
6.3%
January 3, 1999Marl Polar Lander
6.3%
2012Fobos-Grunt
6.3%
2012Yinghuo-1
6.3%
2011-2019MetNet
6.3%
October 10, 1960Mars 1960A
0%
October 14, 1960Mars 1960B
0%
October 24, 1962Sputnik 22
0%
November 4, 1962Mars 1926B
0%
March 27, 1969Mars 1969A
0%
April 2, 1969Mars 1969B
0%
May 10, 1971Cosmos 419
0%
Between November 25, and December 18, 2011MSL Curiosity
0%
2012Northern Light
0%
Possibly by 2016ARES
0%
Possibly by 2020Mars sample return mission
0%

You're not logged in!

Compare scores with friends on all Sporcle quizzes.
OR
Log In

Show Comments

Extras

Top Quizzes Today


Score Distribution

Your Account Isn't Verified!

In order to create a playlist on Sporcle, you need to verify the email address you used during registration. Go to your Sporcle Settings to finish the process.

Report this User

Report this user for behavior that violates our Community Guidelines.

Details: